Caminos: circulación - trazado - construcción
Uloženo v:
| Hlavní autor: | |
|---|---|
| Médium: | Kniha |
| Jazyk: | španělština |
| Vydáno: |
Barcelona
Reverté
1965
|
| Vydání: | 2a. ed |
| Témata: | |
| Tagy: |
Přidat tag
Žádné tagy, Buďte první, kdo vytvoří štítek k tomuto záznamu!
|
MARC
| LEADER | 00000nam a2200000 a 4500 | ||
|---|---|---|---|
| 001 | UCU6303 | ||
| 003 | CL-VaPUC | ||
| 008 | 960614e19650000SP |||||||||||||||||spa|d | ||
| 082 | 0 | 4 | |a 625.8 |b COQ |2 21 |
| 100 | 0 | |a Coquand, Roger |e author |9 364504 | |
| 245 | 1 | 0 | |a Caminos: circulación - trazado - construcción |
| 250 | |a 2a. ed | ||
| 300 | |a 428 p | ||
| 942 | |c BK | ||
| 945 | |d 19960614 00:00:00 |a paguirre | ||
| 260 | |a Barcelona |b Reverté |c 1965 | ||
| 650 | 0 | |a Carreteras |9 260132 | |
| 650 | 7 | |a CALLES |2 CL-VaPUC |9 364295 | |
| 650 | 7 | |a COSNTRUCCION DE CARRETERAS |2 CL-VaPUC |9 364505 | |
| 650 | 7 | |a TRAFICO POR CARRETERA |2 CL-VaPUC |9 357766 | |
| 650 | 0 | |a Vehículos de motor |9 428686 | |
| 650 | 0 | |a Adoquines |9 364366 | |
| 650 | 7 | |a MATERIAS DE CONSTRUCCION |2 CL-VaPUC |9 364473 | |
| 583 | |a last modification |c 19960614 00:00:00 |k Rodrigo Vera | ||
| 999 | |c 249299 |d 249297 | ||
| 952 | |0 0 |1 0 |4 0 |6 625_800000000000000_COQ_1965 |7 0 |8 A |9 266487 |a BIBING |b BIBING |d 2019-11-19 |i 1683950 |o 625.8 COQ 1965 |p 1683950 |r 2025-01-20 |w 2019-11-19 |y BK |k ING | ||
| 952 | |0 0 |1 0 |4 0 |6 625_800000000000000_COQ_1965 |7 0 |8 A |9 266488 |a BIBING |b BIBING |d 2019-11-19 |i 1683063 |o 625.8 COQ 1965 |p 1683063 |r 2025-01-20 |w 2019-11-19 |y BK |k ING | ||
| 952 | |0 0 |1 0 |4 0 |6 625_800000000000000_COQ_1965 |7 0 |8 A |9 266489 |a BIBING |b BIBING |d 2019-11-19 |i 1683527 |o 625.8 COQ 1965 |p 1683527 |r 2025-01-20 |w 2019-11-19 |y BK |k ING | ||